Welcome to CU Library Online Public Access Catalogue (OPAC)

Water pollution and management / (Record no. 2160)

MARC details
000 -LEADER
fixed length control field 00615cam a2200205 a 4500
001 - CONTROL NUMBER
control field 1894408
005 - DATE AND TIME OF LATEST TRANSACTION
control field 20241213135853.0
008 - FIXED-LENGTH DATA ELEMENTS--GENERAL INFORMATION
fixed length control field 850510s1983 ii a b 001 0 eng
020 ## - INTERNATIONAL STANDARD BOOK NUMBER
International Standard Book Number 9780852268971
Terms of availability Rs150.00
050 00 - LIBRARY OF CONGRESS CALL NUMBER
Classification number QH545.W3
Item number W38 1983
082 00 - DEWEY DECIMAL CLASSIFICATION NUMBER
Classification number 363.7/394
Edition information 19
245 00 - TITLE STATEMENT
Title Water pollution and management /
Statement of responsibility, etc. edited by C.K. Varshney.
260 ## - PUBLICATION, DISTRIBUTION, ETC.
Place of publication, distribution, etc. New Delhi :
Name of publisher, distributor, etc. New Age International Limited,
Date of publication, distribution, etc. 2008
300 ## - PHYSICAL DESCRIPTION
Extent vi, 242 p. :
Other physical details ill. ;
Dimensions 25 cm.
650 #0 - SUBJECT ADDED ENTRY--TOPICAL TERM
Topical term or geographic name entry element Water
General subdivision Pollution.
650 #0 - SUBJECT ADDED ENTRY--TOPICAL TERM
Topical term or geographic name entry element Water
General subdivision Pollution.
650 #0 - SUBJECT ADDED ENTRY--TOPICAL TERM
Topical term or geographic name entry element Water quality management.
700 1# - ADDED ENTRY--PERSONAL NAME
Personal name Varshney, C. K.
942 ## - ADDED ENTRY ELEMENTS (KOHA)
Source of classification or shelving scheme Library of Congress Classification
Koha item type Books
Suppress in OPAC No
999 ## -
-- 2160
-- 2160
Holdings
Withdrawn status Lost status Source of classification or shelving scheme Damaged status Not for loan Collection Home library Current library Shelving location Date acquired Total checkouts Full call number Barcode Date last seen Copy number Price effective from Koha item type
    Library of Congress Classification     Non-fiction Science Library (Miotso) Science Library (Miotso) General stacks 12/13/2024   QH545 WAT SLM00001339 12/13/2024 1 12/13/2024 Books
    Library of Congress Classification     Non-fiction Science Library (Miotso) Science Library (Miotso) General stacks 12/13/2024   QH545 WAT SLM00001340 12/13/2024 2 12/13/2024 Books
    Library of Congress Classification     Non-fiction Science Library (Miotso) Science Library (Miotso) General stacks 12/13/2024   QH545 WAT SLM00001341 12/13/2024 3 12/13/2024 Books
    Library of Congress Classification     Non-fiction Science Library (Miotso) Science Library (Miotso) General stacks 12/13/2024   QH545 WAT SLM00001342 12/13/2024 4 12/13/2024 Books
© 2023-2024 Copyright: Central University Libraries. All Rights Reserved | Created by: Mahone Tech Office